MAASAI MARA UNIVERSITY

LIBRARY CATALOGUE

Contact Us: +254 020 2685356/7 or 0774 057787

Box: 861-20500, NAROK, KENYA

Email: info@mmarau.ac.ke

The path to high quality care : (Record no. 22315)

MARC details
000 -LEADER
fixed length control field 01011nam a22002657a 4500
003 - CONTROL NUMBER IDENTIFIER
control field OSt
005 - DATE AND TIME OF LATEST TRANSACTION
control field 20211028015704.0
008 - FIXED-LENGTH DATA ELEMENTS--GENERAL INFORMATION
fixed length control field 170209b xxu||||| |||| 00| 0 eng d
020 ## - INTERNATIONAL STANDARD BOOK NUMBER
International Standard Book Number 158326048X (alk. paper)
040 ## - CATALOGING SOURCE
Original cataloging agency MMU
Transcribing agency MMU
Modifying agency MMU
Language of cataloging eng
050 00 - LIBRARY OF CONGRESS CALL NUMBER
Classification number SF981
Item number .P38 2003
245 04 - TITLE STATEMENT
Title The path to high quality care :
Remainder of title practical tips for improving compliance/
260 ## - PUBLICATION, DISTRIBUTION, ETC. (IMPRINT)
Place of publication, distribution, etc. Lakewood, Colo. :
Name of publisher, distributor, etc. American Animal Hospital Association,
Date of publication, distribution, etc. c2003.
300 ## - PHYSICAL DESCRIPTION
Extent ix, 84 p. :
Other physical details ill. (chiefly col.) ;
Dimensions 23 cm. +
Accompanying material 1 CD-ROM (4 3/4 in.)
650 #0 - SUBJECT ADDED ENTRY--TOPICAL TERM
Topical term or geographic name as entry element Pet medicine
Geographic subdivision United States
Form subdivision Statistics.
650 #0 - SUBJECT ADDED ENTRY--TOPICAL TERM
Topical term or geographic name as entry element Pet owners
Geographic subdivision United States
Form subdivision Statistics.
650 #0 - SUBJECT ADDED ENTRY--TOPICAL TERM
Topical term or geographic name as entry element Pets
General subdivision Services for
Geographic subdivision United States
Form subdivision Statistics.
650 #0 - SUBJECT ADDED ENTRY--TOPICAL TERM
Topical term or geographic name as entry element Veterinary services
Geographic subdivision United States
Form subdivision Statistics.
650 12 - SUBJECT ADDED ENTRY--TOPICAL TERM
Topical term or geographic name as entry element Animals, Domestic.
650 12 - SUBJECT ADDED ENTRY--TOPICAL TERM
Topical term or geographic name as entry element Patient Compliance
General subdivision statistics & numerical data.
650 22 - SUBJECT ADDED ENTRY--TOPICAL TERM
Topical term or geographic name as entry element Data Collection.
650 22 - SUBJECT ADDED ENTRY--TOPICAL TERM
Topical term or geographic name as entry element Veterinary Medicine
General subdivision ethics.
650 22 - SUBJECT ADDED ENTRY--TOPICAL TERM
Topical term or geographic name as entry element Veterinary Medicine
General subdivision standards.
942 ## - ADDED ENTRY ELEMENTS (KOHA)
Source of classification or shelving scheme Library of Congress Classification
Koha item type L
Holdings
Withdrawn status Lost status Source of classification or shelving scheme Damaged status Not for loan Home library Current library Date acquired Source of acquisition Total Checkouts Full call number Barcode Date last seen Price effective from Koha item type
    Library of Congress Classification     Maasai Mara University Library -Main Campus Maasai Mara University Library -Main Campus 02/09/2017 Donation -T4C   SF981 .P38 2003 17022334 02/09/2017 02/09/2017 L
© 2016 Maasai Mara University.